Rock and Metal band's lead vocalist - Statistics

General Stats
  • This quiz has been taken 42 times
    19 since last reset
  • The average score is 9 of 15
Answer Stats
Band Answer % Correct
Guns N' Roses Axl Rose
100%
Nirvana Kurt Cobain
94%
Black Sabbath Ozzy Osbourne
94%
Metallica James Hetfield
81%
Led Zeppelin Robert Plant
81%
Megadeth Dave Mustaine
75%
Pearl Jam Eddie Vedder
75%
Van Halen David Lee Roth / Sammy Hagar
69%
Alice in Chains Layne Staley / William Duvall
56%
Pink Floyd David Gilmour / Roger Waters
44%
Journey Steve Perry / Arnel Pineda
44%
Fleetwood Mac Lindsay Buckingham / Stevie Nicks
31%
Eagles Vince Gill / Don Henley
31%
Dire Straits Mark Knopfler
25%
Deep Purple Rod Evans / Ian Gillan
13%
No matching quizzes found
Score Distribution
Percent of People with Each Score
Percentile by Number Answered
Your Score History
You have not taken this quiz since the last reset